Армен Леонович Тахтаджян / (Record no. 157746)
[ view plain ]
| 000 -LEADER | |
|---|---|
| fixed length control field | 01281nam a2200253 u 4500 |
| 001 - CONTROL NUMBER | |
| control field | 000413926 |
| 003 - CONTROL NUMBER IDENTIFIER | |
| control field | AM-YeHGA |
| 005 - DATE AND TIME OF LATEST TRANSACTION | |
| control field | 20250618072426.0 |
| 008 - FIXED-LENGTH DATA ELEMENTS--GENERAL INFORMATION | |
| fixed length control field | 050309s1982 ||| r 000 0 rus d |
| 040 ## - CATALOGING SOURCE | |
| Original cataloging agency | AM-YeHGA |
| 041 0# - LANGUAGE CODE | |
| Language code of text/sound track or separate title | rus |
| 090 ## - LOCALLY ASSIGNED LC-TYPE CALL NUMBER (OCLC); LOCAL CALL NUMBER (RLIN) | |
| -- | 159149 |
| 245 00 - TITLE STATEMENT | |
| Title | Армен Леонович Тахтаджян / |
| Statement of responsibility, etc. | Библиогр. сост. Р.И. Кузьменко, С.Г. Жилиным; Вступ. ст. С.Г. Жилина; Отв. ред.: В.А. Виноградов, Е.С. Лихтенштейн; АН СССР. |
| 260 ## - PUBLICATION, DISTRIBUTION, ETC. | |
| Place of publication, distribution, etc. | Москва : |
| Name of publisher, distributor, etc. | Наука, |
| Date of publication, distribution, etc. | 1982. |
| 300 ## - PHYSICAL DESCRIPTION | |
| Extent | 72 с. : |
| Other physical details | [1] л. портр. |
| 440 #0 - SERIES STATEMENT/ADDED ENTRY--TITLE | |
| Title | Материалы к биобиблиографии ученых СССР : Сер. биол. наук. Ботаника |
| Volume/sequential designation | Вып. 11 |
| 600 14 - SUBJECT ADDED ENTRY--PERSONAL NAME | |
| Personal name | Թախտաջյան, Արմեն Լևոնի, |
| Dates associated with a name | 1910-2009 |
| 9 (RLIN) | 3348 |
| 653 0# - INDEX TERM--UNCONTROLLED | |
| Uncontrolled term | Ботаника в Армянской ССР - Биобиблиографические пособия |
| 700 1# - ADDED ENTRY--PERSONAL NAME | |
| Personal name | Кузьменко, Р.И. |
| Relator term | сост. |
| Relationship | com |
| 700 1# - ADDED ENTRY--PERSONAL NAME | |
| Personal name | Жилин, С.Г. |
| Relator term | сост. |
| -- | авт. вступ. ст. |
| Relationship | com |
| -- | aui |
| 700 1# - ADDED ENTRY--PERSONAL NAME | |
| Personal name | Виноградов, В.А. |
| Relator term | ред. |
| Relationship | edt |
| 700 1# - ADDED ENTRY--PERSONAL NAME | |
| Personal name | Лихтенштейн, Е.С. |
| Relator term | ред. |
| Relationship | edt |
| 710 2# - ADDED ENTRY--CORPORATE NAME | |
| Corporate name or jurisdiction name as entry element | Академия наук СССР |
| Withdrawn status | Lost status | Damaged status | Not for loan | Collection | Home library | Current library | Date acquired | Total checkouts | Full call number | Barcode | Date last seen | Price effective from | Koha item type | Public note |
|---|---|---|---|---|---|---|---|---|---|---|---|---|---|---|
| General | Fundamental Scientific Library | Fundamental Scientific Library | 28/12/2016 | 012+58(479.25)(092) | 110049903 | 28/12/2016 | 28/12/2016 | Գրքեր / Books | Two weeks Loan |
ՀՀ Գիտությունների ազգային ակադեմիայի հիմնարար գիտական գրադարան = Fundamental Scientific Library of NAS RA
All site content, except where otherwise noted, is licensed under a